000 00653nam a2200265Ia 4500
005 20260121170051.0
008 008 260114s9999 xx 000 0 eng d
020 _a9783319317298
037 _aEBOOK
040 _aCRL
040 _beng
040 _cCRL
041 _2eng
041 _aeng
084 _qCRL
100 _aErmis Mitsou
_91059408
245 0 _aInfrared Non-local Modifications of General Relativity
260 _bSpringer
260 _bSpringer
260 _c2016
856 _uhttps://link.springer.com/openurl?genre=book&isbn=978-3-319-31729-8
942 _cEBOOK
999 _c1625137
_d1625137